Представление документа в формате MARC21

Поле Инд. ПП Название Значение
Тип записи a
Библиографический уровень m
001 _ Контрольный номер RU\infra-m\znanium\bibl\1028720
005 _ Дата корректировки 20250915104141.9
008 Кодируемые данные 191010s2019 RU g rus u
020 a ISBN 978-5-238-01525-5
040 a Служба первич. каталог. Общество с ограниченной ответственностью «ЗНАНИУМ»
041 a Код языка текста rus
044 a Код страны публикации RU
080 a Индекс УДК 74
084 2 Источник индекса rubbk
a Индекс другой классификации/Индекс ББК 76
084 2 Источник индекса okso
a Индекс другой классификации/Индекс ББК 54.03.01
084 2 Источник индекса okso
a Индекс другой классификации/Индекс ББК 42.03.01
084 2 Источник индекса okso
a Индекс другой классификации/Индекс ББК 54.01.20
100 1_ a Автор Овчинникова Раиса Юрьевна
q Полное имя Раиса Юрьевна
245 a Заглавие Дизайн в рекламе. Основы графического проектирования
b Продолж. заглавия Учебное пособие для студентов вузов, обучающихся по специальностям 070601 "Дизайн", 032401 "Реклама"; Учебное пособие
c Ответственность Омский государственный технический университет
250 a Основные сведения об издании 1
260 a Место издания Москва
b Издательство Издательство "ЮНИТИ-ДАНА"
c Дата издания 2017
300 a Объем 239 с.
520 a Аннотация Автор учебного пособия строит свою концепцию на основе социокультурного подхода к осмыслению роли дизайна в визуальной рекламе. Учебное пособие дает дизайнерам-графикам и рекламистам целостное представление о дизайн-проектировании рекламы. В доступной и наглядной форме излагаются основные аспекты создания визуальной рекламы. Раскрываются приемы и принципы ее образной выразительности особенности мышления графического дизайнера этапы проектирования рекламной дизайн-графики а также методы и критерии оценки оптимальности проектного решения. Отдельная глава посвящена основным художественным средствам рекламной дизайн-графики. Для студентов вузов обучающихся по специальностям «Дизайн» и «Реклама» преподавателей а также широкого круга читателей.
521 a Примеч. о целев. назн. ВО - Бакалавриат
650 a Основная рубрика Реклама. Маркетинг. PR
x Основная подрубрика Рекламные технологии. Копирайтинг
852 x Примечание, не предназначенное для пользователя znanium2023
856 4_ a Имя сервера/домена znanium.com
m Помощь ebs_support@infra-m.ru
n Местонахождение сервера НИЦ ИНФРА-М
u URL https://znanium.com/catalog/document?id=341272
z Примечание для пользователя Участвует в КО
856 41 a Имя сервера/домена znanium.com
d Путь /cover/1028
f Электронное имя 1028720.jpg
q Тип электронного формата image/jpeg
u URL https://znanium.com/cover/1028/1028720.jpg